| 000 | 00805nam a2200181 a 4500 | ||
|---|---|---|---|
| 001 | 000039337 | ||
| 005 | 20201002031613.0 | ||
| 008 | 130624s1990 dr r 000 0 spa d | ||
| 040 |
_aDO-SdBNP _bspa _cBNPHU |
||
| 082 |
_axxxx _bxxxx |
||
| 100 | 1 |
_aQuintero, Gisela _965531 |
|
| 245 | 1 | 0 |
_aRepública Dominicana : _bestimaciones y proyecciones de la población económicamente activa y demanda de empleos por regiones y subregiones 1980-2000 / _cGisela Quintero, Juan Francisco Polanco; coordinador Zenón Ceballos. |
| 260 |
_aSanto Domingo : _bOficina Nacional de Planificación (ONAPLAN) _bInstituto de Estudios de Población y Desarrollo, _c1990. |
||
| 300 |
_a72 p. ; _c28 cm. |
||
| 590 | _aInventariado, 2019/BT | ||
| 700 | 1 |
_aPolanco, Juan Francisco _965532 |
|
| 700 | 1 |
_aCeballos, Zenón, _ecoord. _965533 |
|
| 999 |
_c38827 _d38827 |
||